000 00626nam a2200205 a 4500
001 000030406
005 20200930062309.0
008 110517s2011 dr 000 0 spa d
020 _a9789945004465
040 _aDO-SdBNP
_bspa
_cBNPHU
082 _axxxx
_bS689e
100 1 _aSolorín, Ramón M.
_957035
245 1 0 _aEsencias :
_bnovela /
_cRamón M. Solorín.
246 1 4 _bPoemario
260 _aSanto Domingo :
_bImpreso Rafeni,
_c[2011].
300 _a357 p. ;
_c22 cm.
500 _aIncluye datos biografico del autor en la solapa de la cubierta
590 _a3 ejemplares autografiado por el autor
049 _aBNPD
999 _c29898
_d29898